000
00208 a2200097 4500
001
57531
100
_a
245
_a
Jang-e-Azadi 1857
260
_a
Lahore
_b
Al- Faisal
_c
1990
090
_c
35261
_d
35261
942
_a
NUST-CAE
_c
MONOGRAPH
_c
28071
999
_c
292604
_d
292604